[Event "Mistrzostwa Polski Juniorow do lat 16 - Dziewczeta"]
[Site "Ustron – Jaszowiec"]
[Date "1899-12-30"]
[Round "7.13"]
[White "Hryn, Zofia"]
[Black "Samujlo, Agnieszka"]
[Result "1-0"]
[WhiteTitle "I++"]
[BlackTitle "I+"]
[WhiteElo "1767"]
[BlackElo "1542"]

1. d4 Nf6 2. Nf3 e6 3. a3 d5 4. e3 Be7 5. Bd3 O-O 6. O-O b6 7. b3 Bb7 8. Bb2 Nbd7
9. Nbd2 c5 10. Ne5 cxd4 11. exd4 Qc8 12. Qe2 a6 13. f4 b5 14. Rf3 h6 15. Rh3 Qd8
16. g4 Nxe5 17. fxe5 Nh7 18. Bc1 Bg5 19. Nf3 Bxc1 20. Rxc1 Ng5 21. Nxg5 Qxg5 22.
Rf1 f5 23. Rh5 Qxg4+ 24. Qxg4 fxg4 25. Rh4 Rxf1+ 26. Bxf1 Rc8 27. Bd3 Rc7 28.
Rxg4 g5 29. Rg3 Bc8 30. Kg2 Rf7 31. Rg4 Bd7 32. h3 Rg7 33. Rg3 Be8 34. c4 Bc6
35. c5 Be8 36. Be2 Bc6 37. Bg4 Re7 38. Rf3 Bd7 39. Rf6 Kg7 40. Kg3 Kh7 41. Bh5
Kg7 42. Kg4 a5 43. h4 gxh4 44. Kxh4 Bc6 45. Bg6 Bd7 46. Bc2 Be8 47. Rf2 Kg8 48.
Bd1 Rf7 49. Rxf7 Bxf7 50. Bh5 Kf8 51. Bxf7 Kxf7 52. Kh5 b4 53. a4 Ke7 54. Kxh6
Kf7 55. c6 Ke7 56. Kg6 Kd8 57. Kf6 Kc7 58. Kxe6 Kxc6 59. Kf7 Kd7 60. e6+ Kd8 1-0

[Event "Mistrzostwa Polski Juniorow do lat 16 - Dziewczeta"]
[Site "Ustron – Jaszowiec"]
[Date "1899-12-30"]
[Round "7.14"]
[White "Kindler, Karolina"]
[Black "Choinska, Debora"]
[Result "1-0"]
[WhiteTitle "I++"]
[BlackTitle "I"]
[WhiteElo "1738"]
[BlackElo "1479"]

1. Nf3 Nf6 2. b3 e6 3. Bb2 d5 4. e3 Be7 5. d3 O-O 6. Be2 b6 7. O-O Bb7 8. Nbd2
c5 9. c4 dxc4 10. Nxc4 Nbd7 11. a3 b5 12. Nce5 a6 13. Rc1 Rc8 14. Rc2 Bd5 15.
Nd2 Nxe5 16. Bxe5 Nd7 17. Bb2 Bf6 18. Qa1 Qe7 19. Bf3 Bxb2 20. Qxb2 Rc7 21. Rfc1
Rfc8 22. e4 Bb7 23. Be2 e5 24. b4 Rc6 25. Bg4 cxb4 26. Rxc6 Rxc6 27. Rxc6 Bxc6
28. axb4 Qd6 29. Qc3 Kh8 30. Nb3 Nf6 31. Be2 h6 32. Nc5 Bd7 33. Bd1 Be6 34. Qa3
Bc8 35. Bb3 Kg8 36. Qa2 Qc7 37. h3 Qa7 38. Qa5 Qe7 39. Qb6 Kh7 40. Qc6 Bd7 41.
Qxa6 Be8 42. Qa5 Nh5 43. Bd1 Qg5 44. Qa2 Nf4 45. g3 Nxh3+ 46. Kh2 Qc1 47. Kxh3
Qxd1 48. Kg2 Qh5 49. Qa8 f6 50. Ne6 Qf7 51. Qd5 Kh8 52. Qd6 Kh7 53. Qb6 Kh8 54.
Nc7 Bd7 55. Nxb5 Bxb5 56. Qxb5 h5 57. Qc4 Qe8 58. b5 h4 59. b6 hxg3 60. fxg3 Qh5
61. Qc8+ Kh7 62. Qf5+ 1-0

[Event "Mistrzostwa Polski Juniorow do lat 16 - Dziewczeta"]
[Site "Ustron – Jaszowiec"]
[Date "1899-12-30"]
[Round "7.15"]
[White "Bilczewska, Olga"]
[Black "Zamarska, Sylwia"]
[Result "0-1"]
[WhiteTitle "I"]
[BlackTitle "I++"]
[WhiteElo "1638"]
[BlackElo "1681"]

1. e4 c6 2. d4 d5 3. Nc3 dxe4 4. Nxe4 Bf5 5. Ng3 Bg6 6. f4 e6 7. Nf3 Nd7 8. Bc4
Ngf6 9. c3 Qc7 10. Qe2 O-O-O 11. Bd2 Bd6 12. Ne5 Nd5 13. Bxd5 cxd5 14. c4 Bxe5
15. dxe5 dxc4 16. Ne4 Bxe4 17. Qxe4 Nc5 18. Qc2 Nd3+ 19. Ke2 Qc6 20. Rhg1 Qe4+
21. Kf1 Qd4 22. Be1 Qxf4+ 23. Bf2 Qxf2+ 24. Qxf2 Nxf2 25. Kxf2 Rd2+ 26. Ke3 Rhd8
27. Rae1 Rxb2 28. Rc1 Rd3+ 29. Ke4 Rdd2 30. Kf4 Rd4+ 0-1

[Event "Mistrzostwa Polski Juniorow do lat 16 - Dziewczeta"]
[Site "Ustron – Jaszowiec"]
[Date "1899-12-30"]
[Round "7.16"]
[White "Koruch, Maria"]
[Black "Gredka, Dominika"]
[Result "1-0"]
[WhiteTitle "I"]
[BlackTitle "I++"]
[WhiteElo "1513"]
[BlackElo "1589"]

1. e4 e5 2. Nf3 Nc6 3. Bb5 a6 4. Ba4 Nf6 5. O-O b5 6. Bb3 Bc5 7. a4 Rb8 8. axb5
axb5 9. Nxe5 Nxe5 10. d4 Bxd4 11. Qxd4 Nc6 12. Qc3 O-O 13. e5 Ne8 14. f4 Ne7 15.
Nd2 d6 16. Ne4 Bf5 17. Qf3 dxe5 18. Be3 exf4 19. Qxf4 Ra8 20. Rxa8 Qxa8 21. Bc5
Qd8 22. Bxe7 Qd4+ 23. Kh1 1-0

[Event "Mistrzostwa Polski Juniorow do lat 16 - Dziewczeta"]
[Site "Ustron – Jaszowiec"]
[Date "1899-12-30"]
[Round "7.17"]
[White "Krzysztynska, Anna"]
[Black "Surpeta, Julia"]
[Result "1-0"]
[WhiteTitle "I"]
[BlackTitle "I"]
[WhiteElo "1578"]
[BlackElo "1458"]

1. e4 c5 2. c3 d5 3. exd5 Qxd5 4. d4 cxd4 5. cxd4 Nc6 6. Nf3 e5 7. Nc3 Bb4 8. Bd2
Bxc3 9. Bxc3 e4 10. Ne5 Nxe5 11. dxe5 Ne7 12. Qc2 O-O 13. Rd1 Qxa2 14. Qxe4 Be6
15. Bd3 Ng6 16. O-O Qb3 17. h4 Rfd8 18. h5 Nf8 19. Rfe1 a5 20. Qh4 Rd7 21. Qe4
Qb6 22. Bc2 Rxd1 23. Rxd1 Rd8 24. Rxd8 Qxd8 25. Qxb7 Qg5 26. Qf3 Bg4 27. Qe3 Qxh5
28. Bxa5 Be6 29. Bb4 Nd7 30. Bc3 Qh4 31. f4 Bg4 32. f5 Qe7 33. Qd4 h6 34. Qxg4
Nxe5 35. Qe4 f6 36. Bb3+ Kh7 37. Bxe5 fxe5 1-0

[Event "Mistrzostwa Polski Juniorow do lat 16 - Dziewczeta"]
[Site "Ustron – Jaszowiec"]
[Date "1899-12-30"]
[Round "7.18"]
[White "Ossolinska, Matylda"]
[Black "Kubiak, Aleksandra"]
[Result "1-0"]
[WhiteTitle "I"]
[BlackTitle "II+"]
[WhiteElo "1515"]
[BlackElo "1320"]

1. e4 e5 2. Nf3 d5 3. d4 dxe4 4. Nxe5 Be6 5. Bc4 Bxc4 6. Nxc4 Nc6 7. c3 Nf6 8.
Qb3 Rb8 9. Bg5 h6 10. Bxf6 Qxf6 11. Nbd2 Qg6 12. O-O-O Be7 13. d5 Nd8 14. Rhe1
Bg5 15. h4 Bxd2+ 16. Nxd2 O-O 17. Nxe4 Qxg2 18. Nf6+ Kh8 19. Nd7 b6 20. Nxf8 Nb7
21. Nd7 Rd8 22. Ne5 Qxf2 23. Qc2 Qf6 24. Nc6 Rf8 25. Qh2 Nd6 26. Rf1 Qg6 27. Rg1
Qe4 28. Qe5 Qxe5 29. Nxe5 Re8 30. Rde1 Rf8 31. Ref1 Kg8 32. Ng4 Kh7 33. Ne3 Re8
34. Nf5 Nxf5 35. Rxf5 Kg8 36. Rgf1 Re7 37. Kd2 g6 38. R5f3 Rd7 39. c4 a6 40. Kc3
a5 41. b4 a4 42. Re1 1-0

[Event "Mistrzostwa Polski Juniorow do lat 16 - Dziewczeta"]
[Site "Ustron – Jaszowiec"]
[Date "1899-12-30"]
[Round "8.1"]
[White "Kaczmarska, Joanna"]
[Black "Krzywnicka, Maria"]
[Result "0-1"]
[WhiteTitle "k"]
[BlackTitle "I+"]
[WhiteElo "1822"]
[BlackElo "1720"]

1. e4 c5 2. Nf3 d6 3. d4 cxd4 4. Nxd4 Nf6 5. Nc3 a6 6. g3 e5 7. Nde2 Be7 8. Bg2
O-O 9. O-O Nbd7 10. a4 b6 11. h3 Bb7 12. g4 b5 13. a5 Nc5 14. Ng3 g6 15. Bh6 Re8
16. Qd2 Ne6 17. Be3 Qc7 18. g5 Nd7 19. Nd5 Bxd5 20. exd5 Nf4 21. Bxf4 exf4 22.
Ne4 Nc5 23. Nf6+ Bxf6 24. gxf6 g5 25. Rfe1 Qd7 26. b4 Na4 27. Qd3 Nb2 28. Qd4
Nc4 29. Re6 Ne5 30. Qe4 fxe6 31. dxe6 Qxe6 32. f7+ Qxf7 33. Qxa8 Rxa8 34. Bxa8
Qh5 35. Kh2 g4 36. Bg2 Nf3+ 37. Bxf3 Qxh3+ 0-1

[Event "Mistrzostwa Polski Juniorow do lat 16 - Dziewczeta"]
[Site "Ustron – Jaszowiec"]
[Date "1899-12-30"]
[Round "8.2"]
[White "Kucharska, Honorata"]
[Black "Guzik, Natalia"]
[Result "1-0"]
[WhiteTitle "k+"]
[BlackTitle "I++"]
[WhiteElo "2093"]
[BlackElo "1875"]

1. e4 c6 2. d4 d5 3. exd5 cxd5 4. Bd3 Nc6 5. c3 Qc7 6. h3 Nf6 7. Nf3 g6 8. O-O
Bf5 9. Re1 Bxd3 10. Qxd3 Bg7 11. Nbd2 O-O 12. Nf1 Ne4 13. Ng5 Nd6 14. Ng3 Nc4
15. h4 e5 16. dxe5 N6xe5 17. Qxd5 Rad8 18. Qe4 Nd3 19. Rf1 Rfe8 20. Qg4 h5 21.
Nxh5 gxh5 22. Qxh5 Nxc1 23. Raxc1 Nxb2 24. Rce1 Nd3 25. Rxe8+ Rxe8 26. Qh7+ Kf8
27. Qxd3 Rd8 28. Qf3 Kg8 29. h5 Rd7 30. Qf5 Qc6 31. Re1 Rc7 32. Qg4 Kh8 33. h6
Bxh6 34. Qd4+ Kg8 35. Qd8+ Kg7 36. Re8 Bxg5 37. Qxg5+ Qg6 38. Qe5+ f6 39. Qxc7+
1-0

[Event "Mistrzostwa Polski Juniorow do lat 16 - Dziewczeta"]
[Site "Ustron – Jaszowiec"]
[Date "1899-12-30"]
[Round "8.3"]
[White "Kostecka, Marika"]
[Black "Raczykowska, Paulina"]
[Result "0-1"]
[WhiteTitle "I++"]
[BlackTitle "I++"]
[WhiteElo "1869"]
[BlackElo "1772"]

1. e4 e5 2. Nf3 Nc6 3. Bb5 a6 4. Ba4 Nf6 5. O-O b5 6. Bb3 Be7 7. Re1 d6 8. c3 O-O
9. h3 Nb8 10. d4 Nbd7 11. c4 c6 12. a3 Qc7 13. Nc3 exd4 14. Nxd4 Nc5 15. Ba2 Re8
16. b4 Nb7 17. Bf4 c5 18. bxc5 Qxc5 19. Rc1 bxc4 20. Na4 Qxa3 21. Rc3 Qxa2 22.
Re2 Qxe2 23. Qxe2 Bd8 24. f3 Nd5 25. Rxc4 Nxf4 26. Qc2 Bd7 27. Nc6 Na5 28. Nxd8
Nxc4 29. Qxc4 Raxd8 30. Nb6 Bb5 31. Qb4 d5 32. g3 Nd3 33. Qa3 dxe4 34. fxe4 Rxe4
0-1

[Event "Mistrzostwa Polski Juniorow do lat 16 - Dziewczeta"]
[Site "Ustron – Jaszowiec"]
[Date "1899-12-30"]
[Round "8.4"]
[White "Szelag, Zuzanna"]
[Black "Rudzinska, Michalina"]
[Result "1-0"]
[WhiteTitle "I++"]
[BlackTitle "k"]
[WhiteElo "1759"]
[BlackElo "1941"]

1. d4 d5 2. c4 e6 3. Nc3 Nf6 4. cxd5 exd5 5. Bg5 Nbd7 6. e3 c6 7. Bd3 Be7 8. Nf3
O-O 9. Qc2 Re8 10. O-O-O Nf8 11. h4 b5 12. h5 a5 13. Nh4 Ne4 14. Bxe7 Qxe7 15.
Nxe4 dxe4 16. Be2 a4 17. g4 b4 18. Nf5 Qc7 19. Qc5 Ra5 20. Qd6 Qb7 21. h6 Re6
22. Qf4 g6 23. Bc4 Qd7 24. Ng7 Re7 25. Nh5 Rxh5 26. gxh5 Ne6 27. Qf6 Qe8 28. Bxe6
fxe6 29. hxg6 hxg6 30. h7+ 1-0

[Event "Mistrzostwa Polski Juniorow do lat 16 - Dziewczeta"]
[Site "Ustron – Jaszowiec"]
[Date "1899-12-30"]
[Round "8.5"]
[White "Skiba, Aleksandra"]
[Black "Leczek, Weronika"]
[Result "0-1"]
[WhiteTitle "I+"]
[BlackTitle "I++"]
[WhiteElo "1633"]
[BlackElo "1909"]

1. d4 d5 2. c4 e6 3. Nc3 c6 4. Nf3 dxc4 5. a4 Bb4 6. Bd2 a5 7. e3 b5 8. axb5 Bxc3
9. Bxc3 cxb5 10. b3 Bb7 11. bxc4 b4 12. Bd2 Nf6 13. Be2 O-O 14. O-O Nc6 15. Qb3
Qd6 16. Rfd1 Ra7 17. Be1 Rfa8 18. c5 Qc7 19. Bb5 Ne7 20. Ne5 Bd5 21. Bc4 Nc6 22.
Nxc6 Bxc6 23. f3 Rb7 24. e4 a4 25. Qd3 b3 26. d5 exd5 27. exd5 Bxd5 28. Bxd5 Qxc5+
29. Bf2 Qxd5 30. Qxd5 Nxd5 31. Rxd5 b2 32. Rb1 a3 33. Bd4 a2 0-1

[Event "Mistrzostwa Polski Juniorow do lat 16 - Dziewczeta"]
[Site "Ustron – Jaszowiec"]
[Date "1899-12-30"]
[Round "8.6"]
[White "Dwilewicz, Agata"]
[Black "Kulpa, Zuzanna"]
[Result "1-0"]
[WhiteTitle "I+"]
[BlackTitle "I++"]
[WhiteElo "1710"]
[BlackElo "1680"]

1. e4 c6 2. c4 d5 3. exd5 cxd5 4. cxd5 Qxd5 5. Nc3 Qd6 6. d4 e6 7. Nf3 Nf6 8. Bc4
Nc6 9. O-O Be7 10. Nb5 Qd8 11. Bf4 O-O 12. Rc1 Nd5 13. Bg3 a6 14. Bxd5 axb5 15.
Bxc6 bxc6 16. Ne5 Bb7 17. a3 Qd5 18. Nf3 b4 19. axb4 Bxb4 20. Qc2 Ra2 21. Ra1
Rfa8 22. Rxa2 Rxa2 23. Rb1 Ba6 24. h4 h6 25. Bf4 Ba3 26. Qc1 Bd3 27. bxa3 Bxb1
28. Qxb1 Rxa3 29. Kh2 c5 30. Qb8+ Kh7 31. dxc5 Rc3 32. Qb1+ Kg8 33. Bd6 Qc4 34.
Qe1 Rc2 35. Qe3 Qa2 36. Kg3 Qa8 37. Ne5 Ra2 38. c6 Ra6 39. Qf3 f6 40. Ng6 Kf7
41. Ne7 Qd8 42. Qh5+ Kf8 43. Qc5 Kf7 44. c7 Qxd6+ 45. Qxd6 Rxd6 46. c8=Q Kxe7
47. Qg8 Rd3+ 48. f3 h5 49. Qxg7+ Kd6 50. Qxf6 Rd5 51. Qf8+ Kd7 52. Qg7+ Kd6 53.
Kf2 Rf5 54. Qd4+ Ke7 55. g3 1-0

[Event "Mistrzostwa Polski Juniorow do lat 16 - Dziewczeta"]
[Site "Ustron – Jaszowiec"]
[Date "1899-12-30"]
[Round "8.7"]
[White "Lascar, Maria Elena"]
[Black "Michalska, Aleksandra"]
[Result "0-1"]
[WhiteTitle "I+"]
[BlackTitle "I"]
[WhiteElo "1485"]
[BlackElo "1599"]

1. e4 e5 2. Nf3 Nc6 3. d4 exd4 4. Nxd4 Bc5 5. Nb3 Bb6 6. Nc3 d6 7. Qe2 Bd7 8. Be3
Bxe3 9. Qxe3 Be6 10. O-O-O Bxb3 11. axb3 Nge7 12. f3 a6 13. g4 Qc8 14. h4 b5 15.
g5 Qb7 16. Bh3 a5 17. h5 a4 18. Nd5 axb3 19. Qxb3 Ra1+ 20. Kd2 Nd4 21. Qe3 Rxd1+
22. Rxd1 c5 23. c3 Nb3+ 24. Ke1 O-O 25. h6 Nxd5 26. Rxd5 Qa6 27. Kf2 Qa1 28. hxg7
Qxb2+ 29. Kg3 Kxg7 30. Rxd6 Qc1 31. Qxc1 Nxc1 32. Bf1 Rb8 33. Kf2 Na2 34. c4 b4
35. Rc6 b3 36. Rxc5 Nb4 37. Rd5 Nxd5 38. cxd5 h6 39. gxh6+ Kxh6 40. Bd3 Kg7 41.
e5 b2 42. Bb1 Rb5 43. Ke2 Rxd5 44. f4 Rc5 45. Kd2 Rc1 46. Ba2 b1=Q 47. Bxb1 Rxb1
0-1

[Event "Mistrzostwa Polski Juniorow do lat 16 - Dziewczeta"]
[Site "Ustron – Jaszowiec"]
[Date "1899-12-30"]
[Round "8.8"]
[White "Moscicka, Pola"]
[Black "Karlyk, Maria"]
[Result "1/2-1/2"]
[WhiteTitle "k+"]
[BlackTitle "I"]
[WhiteElo "1925"]
[BlackElo "1501"]

1. d4 d5 2. c4 e6 3. Nc3 Nf6 4. cxd5 exd5 5. Bg5 Be7 6. e3 c6 7. Qc2 Nbd7 8. Bd3
Nh5 9. Bxe7 Qxe7 10. Nge2 g6 11. O-O f5 12. Rae1 O-O 13. Qd2 Ndf6 14. f3 Qd6 15.
e4 dxe4 16. fxe4 fxe4 17. Nxe4 Nxe4 18. Rxf8+ Qxf8 19. Bxe4 Be6 20. Nc3 Qd6 21.
Qe3 Bf7 22. Bf3 Nf6 23. Qe5 Rd8 24. Qxd6 Rxd6 25. Re7 Rd7 26. Rxd7 Nxd7 27. Kf2
Nf6 28. Ke3 g5 29. g3 Kf8 30. a3 Ke7 31. Kd3 Kd6 32. Ne4+ Nxe4 33. Bxe4 h6 34.
Kc3 a5 35. b4 axb4+ 36. axb4 b5 37. Kd2 Bd5 38. Bd3 Be6 39. Be4 Bd5 40. Bd3 Be6
41. Be4 1/2-1/2

[Event "Mistrzostwa Polski Juniorow do lat 16 - Dziewczeta"]
[Site "Ustron – Jaszowiec"]
[Date "1899-12-30"]
[Round "8.9"]
[White "Sowa, Wiktoria"]
[Black "Swiech, Joanna"]
[Result "0-1"]
[WhiteTitle "I+"]
[BlackTitle "k"]
[WhiteElo "1812"]
[BlackElo "1943"]

1. e4 c6 2. d4 d5 3. Nc3 dxe4 4. Nxe4 Nd7 5. Ng5 Ngf6 6. Bc4 e6 7. Qe2 Nb6 8. Bd3
h6 9. N5f3 c5 10. dxc5 Bxc5 11. Ne5 O-O 12. Ngf3 Nbd7 13. O-O Nxe5 14. Nxe5 Qe7
15. Bf4 Bd7 16. Rad1 Rfd8 17. c3 Rac8 18. Rfe1 Bc6 19. Nxc6 Rxc6 20. Qf3 Bd6 21.
Bc1 a6 22. a3 Bb8 23. c4 Rcd6 24. g3 Ba7 25. Bf4 R6d7 26. Re2 Bd4 27. Be5 Bxe5
28. Rxe5 Rd4 29. Ree1 R8d7 30. Be2 a5 31. Rxd4 Rxd4 32. Qc3 Qd8 33. Qc1 Ne4 34.
Rd1 Rxd1+ 35. Bxd1 Qd4 36. Qc2 Nxf2 37. Qxf2 Qxd1+ 38. Kg2 Qd3 39. c5 e5 40. g4
g6 41. h4 e4 42. Qf4 Kg7 43. g5 h5 44. Kf2 Qd4+ 45. Ke1 Qxc5 46. Qf6+ Kg8 47.
Qd8+ Kh7 48. Qf6 Qd5 49. Qc3 a4 50. Ke2 Qf5 51. Ke3 Qh3+ 52. Kd4 Qxh4 53. Qc7
e3+ 54. Kxe3 Qxg5+ 55. Ke4 Qf5+ 56. Ke3 b5 57. Qe7 Qe6+ 0-1

[Event "Mistrzostwa Polski Juniorow do lat 16 - Dziewczeta"]
[Site "Ustron – Jaszowiec"]
[Date "1899-12-30"]
[Round "8.10"]
[White "Hryn, Zofia"]
[Black "Kalinowska, Zuzanna"]
[Result "0-1"]
[WhiteTitle "I++"]
[BlackTitle "k+"]
[WhiteElo "1767"]
[BlackElo "1833"]

1. c4 e5 2. Nc3 Nf6 3. d3 Nc6 4. g3 d6 5. Bg2 Be6 6. e3 Qd7 7. Nd5 Ng8 8. Ne2 g6
9. Nec3 Bg7 10. O-O Nd8 11. Ne4 c6 12. Ndc3 Nf6 13. b3 O-O 14. Ba3 Ne8 15. Ng5
f5 16. Nxe6 Nxe6 17. Bb2 Nf6 18. Qd2 Rae8 19. b4 f4 20. Bh3 Nh5 21. Ne4 Qe7 22.
exf4 exf4 23. Bxg7 Nhxg7 24. f3 d5 25. Nc3 Qxb4 26. Rab1 Qc5+ 27. Kh1 fxg3 28.
hxg3 Nh5 29. Bxe6+ Rxe6 30. Kg2 Qd6 31. Qg5 dxc4 32. dxc4 Rf5 33. Qh4 Qd2+ 34.
Rf2 Qxc3 35. Qd8+ Rf8 36. Qd7 Qe5 37. Rxb7 Qxg3+ 38. Kf1 Qh3+ 39. Rg2 Ng3+ 40.
Kg1 Re1+ 41. Kf2 Re2+ 42. Kg1 Qxg2# 0-1

[Event "Mistrzostwa Polski Juniorow do lat 16 - Dziewczeta"]
[Site "Ustron – Jaszowiec"]
[Date "1899-12-30"]
[Round "8.11"]
[White "Buchta, Agnieszka"]
[Black "Kindler, Karolina"]
[Result "1/2-1/2"]
[WhiteTitle "I++"]
[BlackTitle "I++"]
[WhiteElo "1715"]
[BlackElo "1738"]

1. e4 c5 2. Nc3 e6 3. f4 d6 4. Bb5+ Bd7 5. Bxd7+ Qxd7 6. d3 a6 7. Nf3 b5 8. O-O
Be7 9. Qe1 Nf6 10. e5 dxe5 11. fxe5 Nd5 12. Ne4 Nc6 13. Qg3 g6 14. Nfg5 Bxg5 15.
Nd6+ Kf8 16. Bxg5 Nd4 17. Qf2 f5 18. c3 Nc6 19. Qxc5 Qa7 20. Qxa7 Rxa7 21. c4
Ndb4 22. cxb5 axb5 23. Nxb5 Ra5 24. Na3 Nxd3 25. Nc4 Rc5 26. b3 Ndxe5 27. Nxe5
Nxe5 28. Bf6 Rg8 29. Rfe1 Ng4 30. Bb2 Kf7 31. Rac1 Rgc8 32. h3 Nf6 33. Rxc5 Rxc5
34. Bxf6 Kxf6 35. Re2 Rc1+ 36. Kf2 Rb1 37. Ke3 e5 38. Kd3 e4+ 39. Kc2 Ra1 40.
Kb2 Rd1 1/2-1/2

[Event "Mistrzostwa Polski Juniorow do lat 16 - Dziewczeta"]
[Site "Ustron – Jaszowiec"]
[Date "1899-12-30"]
[Round "8.12"]
[White "Trusz, Julia"]
[Black "Koruch, Maria"]
[Result "1-0"]
[WhiteTitle "I+"]
[BlackTitle "I"]
[WhiteElo "1688"]
[BlackElo "1513"]

1. e4 c5 2. Nf3 Nc6 3. d4 cxd4 4. Nxd4 Nf6 5. Nc3 e5 6. Ndb5 d6 7. Bg5 a6 8. Na3
b5 9. Nd5 Be7 10. Bxf6 Bxf6 11. c3 Bg5 12. Nc2 Ne7 13. Nce3 Bxe3 14. Nxe3 Bb7
15. Qg4 O-O 16. a4 Qb6 17. Bd3 f5 18. exf5 d5 19. Qb4 d4 20. cxd4 exd4 21. Qxe7
dxe3 22. O-O Rfe8 23. Qh4 Rad8 24. Rad1 Qc6 25. f3 Qb6 26. a5 Qf6 27. Qxf6 gxf6
28. Be2 Rd2 29. Rxd2 exd2 30. Kf2 Rc8 31. Rd1 Rc2 32. Ke3 Rxb2 33. Rxd2 Rxd2 34.
Kxd2 Kf8 35. g4 Ke7 36. f4 Bd5 37. Ke3 Kd6 38. Kd4 Bf7 39. g5 Kc6 40. Bf3+ Kd6
41. Bb7 b4 42. Bxa6 b3 43. Bd3 Kc6 44. Kc3 Kc5 45. g6 Bg8 46. a6 b2 47. Kxb2 Kb6
48. Kc3 h6 49. Bc4 1-0

[Event "Mistrzostwa Polski Juniorow do lat 16 - Dziewczeta"]
[Site "Ustron – Jaszowiec"]
[Date "1899-12-30"]
[Round "8.13"]
[White "Zamarska, Sylwia"]
[Black "Krzysztynska, Anna"]
[Result "0-1"]
[WhiteTitle "I++"]
[BlackTitle "I"]
[WhiteElo "1681"]
[BlackElo "1578"]

1. d4 Nf6 2. c4 g6 3. Nc3 Bg7 4. e4 d6 5. Nf3 O-O 6. Be2 e5 7. d5 Nbd7 8. O-O a5
9. h3 Nh5 10. Be3 Nf4 11. a3 b6 12. Qd2 Nc5 13. Rab1 f5 14. Qc2 Nxe4 15. Nxe4
fxe4 16. Nh2 Bf5 17. Bg4 h5 18. Bxf5 gxf5 19. Bxf4 exf4 20. Rfe1 Qg5 21. Nf1 Rf6
22. Kh2 Rg6 23. g3 fxg3+ 24. fxg3 Be5 25. Qf2 h4 26. Re3 f4 27. gxh4 fxe3+ 0-1

[Event "Mistrzostwa Polski Juniorow do lat 16 - Dziewczeta"]
[Site "Ustron – Jaszowiec"]
[Date "1899-12-30"]
[Round "8.14"]
[White "Pyzio, Amelia"]
[Black "Orlik, Sandra"]
[Result "1/2-1/2"]
[WhiteTitle "I+"]
[BlackTitle "I+"]
[WhiteElo "1656"]
[BlackElo "1698"]

1. e4 c5 2. Nf3 e6 3. d4 cxd4 4. Nxd4 a6 5. Bd3 Bc5 6. Nb3 Be7 7. Qg4 Bf6 8. Nc3
Nc6 9. f4 d6 10. O-O Nge7 11. Be3 b5 12. a3 Bb7 13. Rad1 Qc7 14. Kh1 Rd8 15. Nc1
e5 16. N1e2 exf4 17. Nxf4 Ne5 18. Qh5 g6 19. Qh3 Bg7 20. Bd4 O-O 21. Be2 d5 22.
exd5 Nxd5 23. Ncxd5 Bxd5 24. Nxd5 Rxd5 25. Bc3 Rfd8 26. Qe3 Nc4 27. Qc1 Bxc3 28.
bxc3 Nd2 29. Rfe1 Qxc3 30. Bd3 Nc4 31. Bxc4 Qxc4 32. h3 Rc8 33. Qb1 Rxd1 34. Qxd1
Qxc2 35. Re8+ Kg7 36. Qd4+ Kh6 37. Qh4+ Kg7 38. Qd4+ Kh6 39. Qh4+ Kg7 40. Qd4+
Kh6 41. Qh4+ 1/2-1/2

[Event "Mistrzostwa Polski Juniorow do lat 16 - Dziewczeta"]
[Site "Ustron – Jaszowiec"]
[Date "1899-12-30"]
[Round "8.15"]
[White "Szulc, Patrycja"]
[Black "Ossolinska, Matylda"]
[Result "0-1"]
[WhiteTitle "I"]
[BlackTitle "I"]
[WhiteElo "1573"]
[BlackElo "1515"]

1. e4 e6 2. d4 d5 3. e5 c5 4. Qg4 cxd4 5. Nf3 Nc6 6. Bd3 Nge7 7. O-O Ng6 8. Re1
Qc7 9. Qg3 Bd7 10. Bg5 a6 11. h4 Nb4 12. Nxd4 Nxd3 13. cxd3 Qb6 14. Nb3 h5 15.
d4 Bc6 16. N1d2 Qc7 17. Nf3 Be7 18. Rac1 Bxg5 19. Nxg5 Ne7 20. Nc5 b6 21. Ncxe6
fxe6 22. Nxe6 Qb7 23. Nxg7+ Kd8 24. e6 Qc7 25. Qf3 Kc8 26. Nxh5 Kb7 27. g3 Raf8
28. Qe2 Qd6 29. Nf4 Rxf4 30. gxf4 Qxf4 31. Qe5 Qxh4 32. Kf1 Bb5+ 33. Re2 Qh1#
0-1

[Event "Mistrzostwa Polski Juniorow do lat 16 - Dziewczeta"]
[Site "Ustron – Jaszowiec"]
[Date "1899-12-30"]
[Round "8.16"]
[White "Samujlo, Agnieszka"]
[Black "Choinska, Debora"]
[Result "1/2-1/2"]
[WhiteTitle "I+"]
[BlackTitle "I"]
[WhiteElo "1542"]
[BlackElo "1479"]

1. d4 d5 2. Nf3 Nf6 3. g3 e6 4. Bg2 Be7 5. O-O O-O 6. c4 dxc4 7. Ne5 c5 8. dxc5
Bxc5 9. Nxc4 Qxd1 10. Rxd1 Nbd7 11. Nc3 Re8 12. Nb5 Re7 13. Nbd6 Rb8 14. Be3 Bxd6
15. Nxd6 b6 16. f4 Ba6 17. Bf3 Nf8 18. Kf2 Ne8 19. Rac1 Nxd6 20. Rxd6 Bb7 21.
Bxb7 Rexb7 22. Rdc6 h6 23. Rc7 Ng6 24. Bd4 Ne7 25. Rxb7 Rxb7 26. e4 f6 27. Ke3
Kf7 28. Bc3 Rd7 29. Bb4 Ng6 30. Rc6 Ne7 31. Rc3 g6 32. Bxe7 Kxe7 33. Rd3 Rxd3+
34. Kxd3 Kd6 35. Kc4 a6 36. a4 e5 37. b4 Kc6 38. fxe5 fxe5 39. g4 b5+ 40. axb5+
axb5+ 41. Kd3 g5 42. Ke3 Kd6 1/2-1/2

[Event "Mistrzostwa Polski Juniorow do lat 16 - Dziewczeta"]
[Site "Ustron – Jaszowiec"]
[Date "1899-12-30"]
[Round "8.17"]
[White "Kubiak, Aleksandra"]
[Black "Bilczewska, Olga"]
[Result "1/2-1/2"]
[WhiteTitle "II+"]
[BlackTitle "I"]
[WhiteElo "1320"]
[BlackElo "1638"]

1. e4 d6 2. Bc4 Nf6 3. Nc3 e5 4. Nge2 Nbd7 5. O-O Be7 6. f4 c6 7. a4 O-O 8. d3
b6 9. Ng3 exf4 10. Bxf4 Ne5 11. Bb3 Ng6 12. Be3 d5 13. exd5 cxd5 14. Bg5 Be6 15.
Nf5 Bc5+ 16. d4 Bb4 17. Bxf6 gxf6 18. Nh6+ Kg7 19. Ng4 f5 20. Ne3 Bxc3 21. bxc3
f4 22. Ng4 Qg5 23. Ne5 Nxe5 24. dxe5 Qxe5 25. Qf3 Rac8 26. Qxf4 Qxf4 27. Rxf4
Rxc3 28. Rd4 Rd8 29. Rad1 Kf8 30. Kf2 Ke7 31. Ke1 Rc5 32. c4 Rd6 33. cxd5 Bf5
34. g4 Bc2 35. Bxc2 Rxc2 36. h4 h6 37. Re4+ Kf6 38. Rf4+ Kg6 39. Rdd4 Rh2 40.
h5+ Kg7 41. Rf5 1/2-1/2

[Event "Mistrzostwa Polski Juniorow do lat 16 - Dziewczeta"]
[Site "Ustron – Jaszowiec"]
[Date "1899-12-30"]
[Round "8.18"]
[White "Surpeta, Julia"]
[Black "Gredka, Dominika"]
[Result "1-0"]
[WhiteTitle "I"]
[BlackTitle "I++"]
[WhiteElo "1458"]
[BlackElo "1589"]

1. d4 g6 2. e4 Bg7 3. Nc3 d6 4. Bc4 Nd7 5. Nge2 Ngf6 6. O-O O-O 7. f4 e5 8. dxe5
dxe5 9. f5 Qe7 10. Kh1 c6 11. a4 Nc5 12. Ng3 b6 13. b4 Nb7 14. Rb1 Nd6 15. Ba2
Bb7 16. Qe2 Rac8 17. Bg5 Kh8 18. Rbd1 Nde8 19. b5 Qb4 20. Rd3 cxb5 21. Rb1 Qc5
22. Rxb5 Qc7 23. Rb2 Ba6 24. Nb5 Qc6 25. Nxa7 Bxd3 26. cxd3 Qd7 27. Nxc8 Qxc8
28. Qc2 Qa6 29. Bc4 Qa7 30. Be3 Nd7 31. Bb5 Nc5 32. Ra2 Nd6 33. Qf2 f6 34. h3
Ra8 35. Bxc5 bxc5 36. Bc6 Rc8 37. Bd5 Rb8 38. a5 Rb1+ 39. Kh2 Rb5 40. a6 Ne8 41.
Qc2 Nc7 42. Bc4 Rb6 43. Ra5 Bf8 44. Qa4 Rd6 45. h4 Kg7 46. fxg6 hxg6 47. h5 Rd8
48. Qc6 Rd6 49. Qb7 Qxb7 50. axb7 Rb6 51. Ra8 Rxb7 52. h6+ 1-0

[Event "Mistrzostwa Polski Juniorow do lat 16 - Dziewczeta"]
[Site "Ustron – Jaszowiec"]
[Date "1899-12-30"]
[Round "9.1"]
[White "Raczykowska, Paulina"]
[Black "Kaczmarska, Joanna"]
[Result "1/2-1/2"]
[WhiteTitle "I++"]
[BlackTitle "k"]
[WhiteElo "1772"]
[BlackElo "1822"]

1. e4 e6 2. d4 d5 3. e5 c5 4. c3 Nc6 5. Nf3 Qb6 6. Bd3 cxd4 7. cxd4 Bd7 8. Bc2
Nb4 9. O-O Nxc2 10. Qxc2 Ne7 11. Nc3 Nf5 12. Rd1 Be7 13. h3 h5 14. g3 Rc8 15.
a3 Rc4 16. Qd3 a5 17. Kg2 a4 18. Rb1 Rc8 19. Bg5 Bxg5 20. Nxg5 f6 21. Nf3 Kf7
22. Re1 Rc4 23. Red1 Rh6 24. Ne2 Bb5 25. Qd2 Rh8 26. b3 axb3 27. Rxb3 Qc6 28.
Nc3 Ba6 29. Rdb1 Rc8 30. Rb6 Qd7 31. g4 hxg4 32. hxg4 Ne7 33. Nb5 Bxb5 34. R1xb5
R4c7 35. exf6 gxf6 36. Qf4 Ng6 37. Ne5+ Kg7 38. Nxg6 Kxg6 39. Qe3 Kf7 40. Qh6
Rg8 41. Qh7+ Rg7 42. Qh5+ Kg8 43. Rxb7 Rxb7 44. Rxb7 Qxb7 45. Qe8+ Kh7 46. Qh5+
Kg8 47. Qe8+ 1/2-1/2